000 01102cab a2200385 4500
001 WB3025-20
008 090401t1994 xxu||||| |||| 00| 0 eng d
035 _a(Sirsi) u27791
041 _aeng
245 _aWhere should we build?
260 _c1994
350 _a0
490 _aTimes
_v29 June 1994, 19(1)
520 _aBrownfield sites must be used for new homes, according to a report from the Joseph Rowntree Foundation, if the environment and greenfield sites are to be protected.
650 _aBROWNFIELD SITES
650 _aCOMMUTING
650 _aCPRE
650 _aDEVELOPMENT SITES
650 _aGREEN BELT
650 _aGREENFIELD SITES
650 _aHOUSE PRICES
650 _aHOUSE BUILDING
650 _aHOUSING LAND
650 _aINNER CITIES
650 _aJOSEPH ROWNTREE FOUNDATION
650 _aSHORTAGE
650 _aURBAN LAND RECYCLING
650 _aURBAN REGENERATION
690 _aPROPERTY-PROPERTY DEVELOPMENT
690 _aHOUSING
690 _aPLANNING LAW AND PRACTICE
690 _aURBAN RENEWAL
942 _n0
948 _c04/03/1997
999 _c18723
_d18723